000 01429nam a2200409 c 4500
001 15092
003 ES-MaCES
005 20250213112916.0
008 030611s2003 sp l 000 | spa d
017 _aM 15537-2003
_bDL
020 _a8430939490
035 _aCES20030007276m
040 _aES-MaCES
_bspa
_cES-MaCES
100 1 _aCruz Villalón, Jesús
_910216
245 1 0 _aEstatuto de los Trabajadores comentado
_cJesús Cruz Villalón ; en col. con, Patrocinio Rodríguez-Ramos Velasco, Rafael Gómez Gordilo
260 _aMadrid
_bTecnos
_c[2003]
300 _a1209 p.
_c24 cm
490 1 _aTextos legales comentados
500 _aÍndices
504 _aBibliografía
541 _cCompra
610 1 7 _aEspaña
_tEstatuto de los Trabajadores, 1995. Texto Refundido
_2
_92877
650 4 _aEstatuto de los Trabajadores
_930784
650 4 _a1995
_930872
650 4 _atexto
_929624
650 4 _acomentario
_928971
650 4 _adoctrina jurídica
_930888
650 4 _aderecho jurisprudencial
_929863
653 1 0 _aDerecho del trabajo y Seguridad Social
700 1 _aRodríguez Ramos, Patrocinio
_ecol.
_922420
700 1 _aGómez Gordillo, Rafael
_ecol.
_913636
710 1 _aEspaña
_tEstatuto de los Trabajadores, 1995. Texto Refundido
_92877
830 0 _aTextos legales comentados
_933855
902 _aLIB Libro
942 _2CES
_cBK
_h6.0.1.
999 _c15092
_d15092